00523nam a2200133Ia 4500008004100000100001700041245008600058245004300144260004900187650001300236856004800249999001900297952007300316170221s9999 xx 000 0 und d aTih Koon Tan aFinancial Distress and Firm Performance: Evidence from the Asian Financial Crisis cTih Koon Tan, The University of Tampa. bJournal of Management and Marketing Research xBusiness uhttp://www.aabri.com/manuscripts/121199.pdf c307632d307632 001040aCLbCLd2017-02-21l0r2017-02-21 00:00:00w2017-02-21yFOJ